Pacient po amputácii nohy

Bibliographic Details
Main Authors: Kráľovičová, Marta (Author), Kopečná, Miriam (Author)
Format: Article
Language:Slovak
PhysicalDescription:Obr.
ISSN:1335-9444
Subjects:

MARC

LEADER 00000nab a2200000 a 4500
001 vtls008415854
003 SK-MaSNL
005 20260304150440.0
008 250505c2005 xo 0 slo
015 |a SNBCL2005/5 
035 |a SLK033919 
035 |a urn:nbn:sk:snk-ab70lo 
035 |a (uuid)e2eab196-5609-47ef-88fc-e79cbae9200f 
035 |a (urnnbn)urn:nbn:sk:snk:ar-a06g9j 
035 |a (sysno)vtls008415854 
040 |a SNKBUCL  |b slo  |c SNKBUCL  |e AACR2 
041 0 |a slo 
044 |a xo  |c SK 
080 |a 616.379-008.64-089-085:614.2  |2 1981 
100 1 |a Kráľovičová, Marta  |4 aut  |9 1166156 
245 1 0 |a Pacient po amputácii nohy  |c Marta Kráľovičová, Miriam Kopečná 
300 |b Obr. 
504 |a Bibliogr. odkazy 
650 0 7 |a noha diabetická  |x komplikácie  |2 MESH  |9 1055410 
650 0 7 |a amputácia  |2 MESH  |9 19502 
650 0 7 |a liečba psychická  |2 MESH  |9 1309864 
650 0 7 |a liečebná rehabilitácia  |2 MESH  |9 3306 
650 0 7 |a vzťahy ošetrovateľka-pacient  |x etika  |2 MESH  |9 868142 
650 0 7 |a pomôcky ortopedické fixačné  |2 MESH  |9 846492 
650 0 7 |a kvalita života  |2 MESH  |9 1705 
650 0 7 |a kazuistika  |2 MESH  |9 19523 
700 1 |a Kopečná, Miriam  |4 aut  |9 1166157 
773 0 |t Sestra  |g Roč. 4, č. 6 (2005), s. 28-29  |x 1335-9444 
850 |a Slovenská národná knižnica 
852 |a Slovenská národná knižnica 
954 |a odborná, vedecká literatúra pôvodná (slovenská)  |2 lita 
958 |a article27 
958 |a OND 
958 |a EUIPO 
999 |c 2938628  |d 2940558